| 000 | 00572nam a2200181 a 4500 | ||
|---|---|---|---|
| 005 | 20140412111309.0 | ||
| 008 | 010404s19uu xx 00 eng d | ||
| 020 | _a0-916119-85-8 | ||
| 050 |
_aTR(PS E _bWh556 1995 |
||
| 100 | _aBeierle, Marlene | ||
| 245 |
_aWhat comes in threes? / _cwritten by Marlene Beierle & Anne Sylvan; illustrated by Cyd Moore. |
||
| 260 |
_aCypress, CA : _bCreative Teaching Press, _c1995. |
||
| 300 | _a8 p. ; ill. | ||
| 440 | _aRead to Learn-Learn to Read | ||
| 500 | _aEmergent Reader Level I | ||
| 650 | _aMath series | ||
| 999 |
_c103879 _d103879 |
||